000 00639nam a2200229Ia 4500
008 160517s9999 xx 000 0 und d
050 _aPN 1997
050 _b.M779 2015
100 _aMontes, Nicholas James S.
245 _aAngono Rizal, ab arts town :
245 _ba video featurette on the art of the Philippines /
245 _cNicholas James S. Montes.
260 _aLas PiƱas, Philippines :
260 _bSISC,
260 _c2016.
300 _a41 pages :
300 _billustrations ;
300 _c28 cm.
500 _aIncludes bibliographical references and appendices.
521 _aMedia Arts
942 _cTH
999 _c293886
_d293886